| 000 | 00480nam a2200205Ia 4500 | ||
|---|---|---|---|
| 005 | 20251020182436.0 | ||
| 008 | 200515s9999 xx 000 0 und d | ||
| 082 | _a378.2(81)/C22 | ||
| 100 | _aDE SOUZA CAMPOS, Antonio Pedro | ||
| 245 | 0 | _aAdministrcao de Custos na Educacao | |
| 260 | _aRio de Janeiro | ||
| 260 | _c1986 | ||
| 300 | _a218 | ||
| 500 | _a1 ejemplar | ||
| 650 | _aADMINISTRACION | ||
| 650 | _aCOSTOS | ||
| 650 | _aEDUCACION | ||
| 650 | _aLIB | ||
| 942 | _cLIB | ||
| 999 |
_c384 _d384 |
||